LEADER 01860nam a2200409 u 4500 001 000000013975 003 CaOOAMICUS 005 20070226105717.0 008 941212s1972 ne u000 u lat u 020 $a9023209753 035 $a10332224 040 $aPUL(R)$bita 041 0 $alat$aeng 100 0 $aIohannes PP.$bXXI,$d1226-1277.$0(OLS)http://pul/name/13041 245 10$aTractatus called afterwards Summule logicales /$cPeter of Spain (Petrus Hispanus Portugalensis) ; first critical edition from the manuscripts with an introduction by L. M. De Rijk .. 246 30$aSummule logicales 260 $aAssen :$bVan Gorcum,$c1972. 300 $acxxix, 303 p. ;$c25 cm 490 1 $aPhilosophical texts and studies ;$v22. 500 $aContiene indici. 504 $aContiene indicazioni bibliografiche. 700 1 $aRijk, Lambert Marie de,$d1924-$0(OLS)http://pul/name/13042 830 0$aPhilosophical texts and studies (Van Gorcum) ;$v22.$0(OLS)http://pul/title/20124 850 $aPUL 852 $aPUL$W1$xSL Religione 1$y3$m80 D 37$j19639$nBK-PRI$b $qStampati$B19639$CPULBib$Z2$F19639 $H $81 852 $aPUL$W1$xDP1 Fondo Seidl$y56$m3 C 47$j19640$nBK-PRI$b $qFondi$B19640$CPULBib$Z2$F19640 $H $81 900 $aGiovanni$bXXI,$cpapa,$d1226-1277$913041 900 $aPietro Ispano,$d1226-1277$913041 900 $aPapi (1276-1277 : Iohannes PP. XXI)$913041 910 $aPietro di Giuliano,$d1226-1277$913041 941 1 $a1 941 1 $a8 961 $aINV: 49522 996 $6020$a9023209753$9(OLS)http://pul/number/17816 996 $6245$aTractatus called afterwards Summule logicales$9(OLS)http://pul/title/20122 996 $6246$aSummule logicales$9(OLS)http://pul/title/20123 996 $6260$aAssen :$bVan Gorcum$9(OLS)http://pul/publisher/48074 LEADER 01877nam a2200349 a 4500 001 000000124503 003 CaOOAMICUS 005 20110303124103.0 008 110303t2010 it u000 u ita r 020 $a978-88-13-30012-8 (v. 1 e 2) 040 $aPUL$bita 082 04$a346.45 245 03$aIl diritto dei consumatori :$bprofili applicativi e strategie processuali. Aggiornato al decreto legislativo 13 agosto 2010, n. 141 /$ca cura di Giuseppe Cassano Marco Eugenio Di Giandomenico. 260 $aPadova :$bCEDAM,$cİ2010. 300 $a2 v. ;$c22 cm +$e1 CD-Rom 490 1 $aIl diritto applicato. I grandi temi 500 $aSul front.: con giurisprudenza per esteso e Formulario su CD. 504 $aInclude riferimenti bibliografici ed indice. 505 0 $aV. 1. La struttura. -- v. 2. L'incidenza. 650 4$aConsumo (diritto).$0(OLS)http://pul/subject/34336 700 1 $aCassano, Giuseppe.$0(OLS)http://pul/name/35446 700 1 $aDi Giandomenico, Marco Eugenio.$0(OLS)http://pul/name/72530 830 3$aIl diritto applicato. I grandi temi.$0(OLS)http://pul/title/137455 850 $aPUL 852 $aPUL$W1$xSL Diritto e Scienze Sociali 3$y79$m346. 45 CASGI 14.1$j143336$av. 1$qDDC 21$B142370$CPULBib$Z2$F142370 $H115743 $82 852 $aPUL$W1$xSL Diritto e Scienze Sociali 3$y79$m346. 45 CASGI 14.2$j143337$av. 2$qDDC 21$B142371$CPULBib$Z2$F142371 $H115744 $82 941 1 $a9 996 $6020$a978-88-13-30012-8 (v. 1 e 2)$9(OLS)http://pul/number/146521 996 $6082$a346.45$9(OLS)http://pul/classification/372 996 $6245$aIl diritto dei consumatori :$bprofili applicativi e strategie processuali. Aggiornato al decreto legislativo 13 agosto 2010, n. 141$9(OLS)http://pul/title/156950 996 $6260$aPadova :$bCEDAM$9(OLS)http://pul/publisher/48126